000 00670cam a22002413a 4500
001 15068
003 PGUSA
005 20140828083325.0
008 050215s2005||||xxu|||||s|||||000 1 eng d
040 _aPGUSA
_beng
042 _adc
050 4 _aPT
100 1 _aMackay, John Henry,
_d1864-1933
245 1 0 _aDer Schwimmer
_h[electronic resource] /
_cJohn Henry Mackay
260 _bProject Gutenberg,
_c2005
506 _aPublic domain in the USA.
516 _aElectronic text
653 _aSwimming -- Fiction
653 _aBerlin (Germany) -- Fiction
830 0 _aProject Gutenberg
_v15068
856 4 0 _uhttp://www.gutenberg.org/ebooks/15068
942 _cEB
999 _c244323
_d244323